Southville International School and Colleges
Your cart is empty.
  • Cart
  • Lists
    Public lists Eva Luna New books Lux_list list_1
    Your lists Log in to create your own lists
  • Log in to your account
  • Your cookies
  • Search history
Southville International School and Colleges
  • Advanced search
  • Recent comments
  • Most popular
  • Libraries

Log in to your account

Log in with GOOGLE


If you do not have an external account, but do have a local account, you can still log in:

  1. Home
  2. MARC view: Steps to writing success :
Normal view MARC view ISBD view

Steps to writing success : (Record no. 114981)

[ view plain ]
MARC details
000 -LEADER
fixed length control field 00418nam a2200157 a 4500
001 - CONTROL NUMBER
control field 4017
005 - DATE AND TIME OF LATEST TRANSACTION
control field 20140414132118.0
008 - FIXED-LENGTH DATA ELEMENTS--GENERAL INFORMATION
fixed length control field 040603s19uu xx 00 eng d
020 ## - INTERNATIONAL STANDARD BOOK NUMBER
International Standard Book Number 9781574718225
050 ## - LIBRARY OF CONGRESS CALL NUMBER
Classification number TR 372.6
Item number H47 1997
100 ## - MAIN ENTRY--PERSONAL NAME
Personal name Hetxel, June
245 ## - TITLE STATEMENT
Title Steps to writing success :
Remainder of title Level 2.
260 ## - PUBLICATION, DISTRIBUTION, ETC. (IMPRINT)
Name of publisher, distributor, etc Creative Teaching Press,
Date of publication, distribution, etc 2002.
650 ## - SUBJECT ADDED ENTRY--TOPICAL TERM
Topical term or geographic name as entry element Writing
General subdivision Study and teaching.
Holdings
Withdrawn status Lost status Damaged status Use restrictions Home library Current library Shelving location Date acquired Source of acquisition Total Checkouts Full call number Barcode Date last seen Price effective from Koha item type
        Munich Library Munich Library Teachers Reference Section 11/17/2011     TR 372.6 H47 1997 M6927 04/14/2014 04/14/2014 Books

Steps to writing success :

APA

Hetxel J., . (2002). Steps to writing success. : Creative Teaching Press.

Chicago

Hetxel June, . 2002. Steps to writing success. : Creative Teaching Press.

Harvard

Hetxel J., . (2002). Steps to writing success. : Creative Teaching Press.

MLA

Hetxel June, . Steps to writing success. : Creative Teaching Press. 2002.

  • Place hold
  • Print
  • Cite
  • Add to your cart (remove)
  • Save record
    BIBTEX Dublin Core MARCXML MARC (non-Unicode/MARC-8) MARC (Unicode/UTF-8) MARC (Unicode/UTF-8, Standard) MODS (XML) RIS
  • More searches
    Search for this title in:
    Other Libraries (WorldCat) Other Databases (Google Scholar) Online Stores (Bookfinder.com) Open Library (openlibrary.org)

Exporting to Dublin Core...

SOUTHVILLE LIBRARY

Southville International School and Colleges Library

1281 Tropical Ave. Cor. Luxembourg St., BF Homes International, Las Pinas City

Tel. No. 8256374 / 252358 Loc. 117/146

Powered by Koha